| 000 | 02508nam a22004337a 4500 | ||
|---|---|---|---|
| 003 | dpl | ||
| 005 | 2008090303483.0 | ||
| 007 | DVD | ||
| 008 | 050907s2005 cau105 g 00| 0 eng d | ||
| 010 | _aDVD-000236-238 | ||
| 024 | _aOOLO1 | ||
| 035 | _aDVD-000236-238 | ||
| 040 |
_aDPL _cDPL |
||
| 092 | _aDVD / FLIG | ||
| 245 |
_aFlightplan _h[Video-recording/DVD] / _cTouchstone Pictures and Imagine Entertainment Presents, A Brian Grazer Production |
||
| 260 |
_aBeverly Hills, CA : _b20th Century Fox Home Entertainment; _a[Boston, MA] : _bExcel Productions Audio Visual Pvt. Ltd _cc2005. |
||
| 300 |
_a[1 videodisc DVD] (98 Min.) _bsd., col. ; _c4-3/4 in. |
||
| 500 | _aThe In-Flight Movie: The Making of Flightplan | ||
| 500 | _aCabin Pressure: Designing The Aalto E-474 | ||
| 500 | _aDistributor in India Excel Production Audiovisuals Pvt. Ltd. Mumbai | ||
| 520 | _aAfter exposure to cosmic radiation, four astronauts become the most remarkable, if not most dysfunctional, superheroes of all time. Reed Richards is the leader of the group and gains the ability to stretch all parts of his body, he takes the name Mr. Fant | ||
| 521 | _aMPAA rating: PG-13; for sequences of intense action, and some suggestive content. | ||
| 538 | _aDolby Digital 5.1,- English, Thai, Subtitles in English,Chinese, Bahasa,Thai, Malay, Korean | ||
| 538 | _aAspect Ratio 2:35:1, Presentation Type: Wide Screen, Presentation Size: 16x9, DVD 9 Dual Layer Single Sided Disc Layer Transition May Trigger a Slight Pause | ||
| 546 | _aClosed-captioned for the hearing impaired. | ||
| 600 | _2Sarsgaard, Peter | ||
| 600 | _2Christensen, Erika | ||
| 600 | _2Bean, Sean | ||
| 600 | _2Horner, James | ||
| 655 | _aDescribed verbally for the visually impaired. | ||
| 700 | _a. | ||
| 710 | _aTwentieth Century Fox Home Entertainment, Inc. | ||
| 710 | _aDVS Home Video (Firm) | ||
| 942 |
_cCF _2ddc _hDVD _mFLIG |
||
| 999 |
_c15300 _d15300 |
||